Rooster Teeth-10 Little Roosters Death Order - Statistics

General Stats
  • This quiz has been taken 47 times
  • The average score is 9 of 10
Answer Stats
# Hint Incriminating Evidence Method of Death Answer % Correct
9 Tripped over himself killed Meg Mouse Traps Gavin Free
100%
7 Life imitated art froze Shannon Scorpion's Sting Michael 'Burnie' Burns
100%
10 Choked on his rage n/a Poisoned Champagne Michael Jones
100%
1 Then there was one trapped Edgar n/a Ryan Haywood
100%
6 Died to scale killed Baby Gus Impaled by Fork Gustavo 'Gus' Sorola
97%
2 Killer is killed poisoned Blaine Explosive Suit Barbara Dunkleman
94%
8 Martyred slit Josh's throat Shot by Arrow Chris Demarais
94%
4 Got what they wanted murdered Kdin Mauled by Puma Lindsay Jones
89%
5 Ran out of air beat Kerry Strangled with Mouse Cord Adam Ellis
86%
3 Die of a pun n/a 2 pictures of dick drawings Overexercising Miles Luna
81%
No matching quizzes found
Score Distribution
Percent of People with Each Score
Percentile by Number Answered
Your Score History
You have not taken this quiz